Cultureshock! : India : A survival guide to customs and etiquette
Gespeichert in:
| 1. Verfasser: | |
|---|---|
| Format: | Buch |
| Sprache: | Undetermined |
| Veröffentlicht: |
Singapore
Marshall Cavendish
2005
|
| Schlagworte: | |
| Tags: |
Tag hinzufügen
Keine Tags, Fügen Sie den ersten Tag hinzu!
|
| Thư viện lưu trữ: | Trung tâm Học liệu Trường Đại học Cần Thơ |
|---|
| LEADER | 00644nam a2200217Ia 4500 | ||
|---|---|---|---|
| 001 | CTU_128358 | ||
| 008 | 210402s9999 xx 000 0 und d | ||
| 020 | |c 175000 | ||
| 082 | |a 954 | ||
| 082 | |b K81 | ||
| 100 | |a Kolanad, Gitanjali | ||
| 245 | 0 | |a Cultureshock! : | |
| 245 | 0 | |b India : A survival guide to customs and etiquette | |
| 245 | 0 | |c Gitanjali Kolanad | |
| 260 | |a Singapore | ||
| 260 | |b Marshall Cavendish | ||
| 260 | |c 2005 | ||
| 650 | |a India,Ấn Độ | ||
| 650 | |x Social life and customs.,Đời sống xã hội và phong tục | ||
| 904 | |i Minh | ||
| 980 | |a Trung tâm Học liệu Trường Đại học Cần Thơ | ||